00627nam a22002057a 450000500170000001000130001702000260003003500130005603700160006904000120008508200130009710000180011024500790012826000420020727000610024930000230031065000280033365000460036170000140040720170124110112.0 aB-158492 c300.00a9788189233037 aB-158492 bCen Lib/Ret aDPLbEN a921bJAN aJanak Raj Jai aSonia's foreign origin : cby Janak Raj Jai [and] Rajiv Jaiba non-issue / aNew DelhibRegency Publicationsc2004 bNew Delhia20/36-G, Old Market, West Patel Nagare110008 ax,158p. c22cm(Hb) aGandhi, Sonia, -- 1946- aIndia -- Politics and government -- 1977- aRajiv Jai